[Event "Copenhagen K41 Sommer F"]
[Site "Copenhagen"]
[Date "2012.06.16"]
[Round "5"]
[White "Christensen, Aage Niels"]
[Black "Gram, Mathias Laerkegaard"]
[Result "0-1"]
[WhiteElo "1581"]
[BlackElo "1467"]
[PlyCount "66"]
[EventDate "2012.05.17"]
[EventType "tourn"]
[EventRounds "5"]
[EventCountry "DEN"]
[SourceTitle "EXT 2023"]
[Source "ChessBase"]
[SourceDate "2022.10.05"]
[SourceVersion "1"]
[SourceVersionDate "2022.10.05"]
[SourceQuality "1"]

1. e4 c5 2. Nc3 Nc6 3. g3 g6 4. Bg2 Bg7 5. Nge2 d6 6. d3 Nf6 7. 0-0 0-0 8. h3 Nd7 9. Be3 Qc7 10. Qd2 Nd4 11. Nd5 Qd8 12. Nxd4 cxd4 13. Bg5 f6 14. Bh6 Ne5 15. Bxg7 Kxg7 16. f4 Nf7 17. f5 b6 18. Qf2 Bb7 19. Nf4 Bc8 20. fxg6 hxg6 21. e5 dxe5 22. Nxg6 Kxg6 23. Bxa8 Bxh3 24. Be4+ Kg7 25. Bg2 Ng5 26. Qe2 Rh8 27. Bxh3 Rxh3 28. Kg2 Qd5+ 29. Rf3 Rh6 30. Raf1 Nxf3 31. Qxf3 Qxa2 32. Qg4+ Kf7 33. Qe4 Qxb2 0-1

[Event "Copenhagen K41 Sommer F"]
[Site "Copenhagen"]
[Date "2012.05.17"]
[Round "1"]
[White "Nielsen, Angelo"]
[Black "Gram, Mathias Laerkegaard"]
[Result "1-0"]
[WhiteElo "1467"]
[BlackElo "1467"]
[PlyCount "85"]
[EventDate "2012.05.17"]
[EventType "tourn"]
[EventRounds "5"]
[EventCountry "DEN"]
[SourceTitle "EXT 2023"]
[Source "ChessBase"]
[SourceDate "2022.10.05"]
[SourceVersion "1"]
[SourceVersionDate "2022.10.05"]
[SourceQuality "1"]

1. d4 Nf6 2. c4 e6 3. Nc3 Bb4 4. e3 0-0 5. Bd3 c5 6. a3 Bxc3+ 7. bxc3 Nc6 8. Ne2 d6 9. 0-0 Qc7 10. Ng3 Re8 11. Nh5 Qe7 12. Qf3 e5 13. Nxf6+ Qxf6 14. Qxf6 gxf6 15. d5 Na5 16. e4 b6 17. Bh6 Ba6 18. f4 Bxc4 19. Bxc4 Nxc4 20. Ra2 Kh8 21. f5 Rg8 22. g3 Rg4 23. Re1 Rag8 24. Kf2 Rb8 25. h3 Rgg8 26. Kf3 a6 27. h4 Rb7 28. g4 b5 29. g5 fxg5 30. f6 g4+ 31. Kg3 Rg6 32. Bg7+ Kg8 33. h5 Rxg7 34. fxg7 Kxg7 35. Kxg4 f6 36. Kf5 Kf7 37. h6 a5 38. Rg2 Re7 39. Rg7+ Kf8 40. Kxf6 Rxg7 41. hxg7+ Kg8 42. Rh1 Nxa3 43. Rxh7 1-0

[Event "Amager CC-ch"]
[Site "Amager"]
[Date "2011.03.08"]
[Round "4"]
[White "Gram, Mathias Laerkegaard"]
[Black "Larsen, Knud Albert"]
[Result "1/2-1/2"]
[WhiteElo "1430"]
[BlackElo "1678"]
[PlyCount "45"]
[EventDate "2011.01.25"]
[EventType "swiss"]
[EventRounds "7"]
[EventCountry "DEN"]
[SourceTitle "EXT 2023"]
[Source "ChessBase"]
[SourceDate "2022.10.05"]
[SourceVersion "1"]
[SourceVersionDate "2022.10.05"]
[SourceQuality "1"]

1. e4 e6 2. d4 d5 3. Nd2 Nf6 4. exd5 exd5 5. Ngf3 Bf5 6. c3 Bd6 7. Be2 0-0 8. 0-0 Nbd7 9. Nh4 Be6 10. Re1 Ne4 11. Ndf3 g5 12. Nxg5 Nxg5 13. g3 Ne4 14. Bd3 Nef6 15. Bg5 Be7 16. Nf5 Bxf5 17. Bxf5 Re8 18. Qf3 Nf8 19. Re3 Ng6 20. Bxf6 Bxf6 21. Rxe8+ Qxe8 22. Bxg6 hxg6 23. Qxf6 1/2-1/2